000 00740cab a2200229 4500
001 WB2610-03
008 090401t1990 xxu||||| |||| 00| 0 eng d
035 _a(Sirsi) u3317
041 _aeng
245 _aRegulations to be reviewed
260 _c1990
350 _a0
490 _aDTI Press Notice
_v90/101 28 February 1990 3 pages
520 _aA review of the interrelation of the building regulations and fire certification requirements and the way they are put into effect has been carried out for Government by Bickerdike Allen Partners .
650 _aBUILDING CONTROL
_96222
650 _aDOE
650 _aFIRE CERTIFICATES
650 _aHOME OFFICE
690 _aBUILT ENVIRONMENT
942 _n0
948 _c04/03/1997
999 _c2029
_d2029